00401nam a22001337a 450000500170000000800410001704100130005808200120007110000130008324500510009626000660014730000290021365000250024220240807092050.0240807b |||||||| |||| 00| 0 eng d aEnglish  a349 TRA lEnglish  aTransvaal Law Reports: Supreme and High Court  aGrahamstown, Cape Colony: bAfrican Book Company Ltd, c1907  bxiv, 310 pages;c25 cm.  aLegal practice bLaw